| 000 | 00586nam a2200193 a 4500 | ||
|---|---|---|---|
| 005 | 20250220063748.0 | ||
| 008 | 040121s2002 mx r 000 0 spa d | ||
| 020 | _a8483165880 | ||
| 035 | _aUPN01000131446 | ||
| 049 | _aCG | ||
| 050 | 4 |
_aPN6095 S5 _bA7.3 |
|
| 100 | 1 | _aArroyo, Millán | |
| 245 | 1 | 0 |
_aEducarse y educar hoy : _b500 pensamientos y estímulos para ayudar al crecimiento en valores / _cMillán Arroyo. |
| 260 |
_aMadrid : _bCCS, _c2002. |
||
| 300 | _a173 p. | ||
| 440 | 3 |
_aLa zarza ardiente ; _v25 |
|
| 650 | 4 |
_aEducación _vCitas, máximas, etc. _9445 |
|
| 905 | _aLibro | ||
| 999 |
_c103601 _d103601 |
||